LEADER 01012nam a2200265 i 4500 001 000000138984 003 CaOOAMICUS 005 20050516000000.0 008 050516s1987 it u000 u ita u 013 $a112988 020 $a88-04-30107-4 040 $aSeMil$bita 100 1 $aParise, Goffredo,$d<1929-1986>.$0(OLS)http://semarc/name/6434 245 10$aVolume primo. 300 $aLXVI, 1636 p. 490 0 $aI Meridiani 500 $aContiene : Bibliografia. - In custodia. 650 4$aParise, Goffredo - Opere.$0(OLS)http://semarc/subject/27300 773 0 $aParise, Goffredo <1929-1986>$tOpere.$dMilano : Arnoldo Mondadori Editore, [198-]?.$kMeridiani$w()13467 830 2$aI Meridiani.$0(OLS)http://semarc/title/6832 850 $aSeMil 852 $aSeMil$W1$xVenegono$y1$m1B I 131$j92423$B92423$CSeMilBibl$Z2$F97652 $81 961 $aLascito: Bidoglio don Maurizio 996 $6020$a88-04-30107-4$9(OLS)http://semarc/number/126948 996 $6245$aVolume primo$9(OLS)http://semarc/title/17661 LEADER 00692nam a2200181 i 4500 001 000000222101 003 CaOOAMICUS 005 20130902000000.0 008 130902s1785 it u000 u fre u 013 $a200998 026 $aS.ES 3)ur e;e. DeSi (3) 1785 (A) 040 $aSeMil$bita 245 10$a[Contes en vers]. 300 $a[4], 479, [1] p. 773 0 $aVoltaire <1694-1778>$tOeuvres completes de Voltaire. Tome 1. [-92.].$d[Kehl] : De l'Imprimerie de la Société Littéraire-typographique, 1785-1789.$g14$w()4088 850 $aSeMil 852 $aSeMil$W1$xVenegono$y1$m2Q IV 89 FA$j172447$B172447$CSeMilBibl$Z2$F182866 $8I 996 $6245$a[Contes en vers]$9(OLS)http://semarc/title/318395